书目信息 |
| 题名: |
仫佬族
|
|
| 作者: | 黄润柏 , 袁丽红 编著 | |
| 分册: | 2 | |
| 出版信息: | 北京 中国人口出版社 2014 |
|
| 页数: | 148页 | |
| 开本: | 23cm | |
| 丛书名: | 中国少数民族人口丛书 | |
| 单 册: | ||
| 中图分类: | K287.5 , K28 | |
| 科图分类: | ||
| 主题词: | 仫佬族--民族文化--中国 | |
| 电子资源: | ||
| ISBN: | 978-7-5101-1515-8 | |
| 000 | 00967nam0 2200289 450 | |
| 001 | 2345183261 | |
| 005 | 20231117212916.47 | |
| 010 | @a978-7-5101-1515-8@dCNY42.00 | |
| 100 | @a20230131e2014 em y0chiy50 ea | |
| 101 | 0 | @achi@eeng |
| 102 | @aCN@b110000 | |
| 105 | @aa z 000yy | |
| 200 | 1 | @a仫佬族@Amu lao zu@h2@f黄润柏,袁丽红编著 |
| 210 | @a北京@c中国人口出版社@d2014@h2022重印 | |
| 215 | @a148页@c图,照片@d23cm | |
| 225 | 2 | @a中国少数民族人口丛书@f翟振武主编 |
| 300 | @a国家出版基金项目 中国作家协会《民族文学》杂志社支持 | |
| 330 | @a本书共六章,内容包括:百里长廊话仫佬、仫佬风格、庄严与狂欢、美丽山水间的仫佬人、生命的赞歌、生息之源。 | |
| 410 | 0 | @12001 @a中国少数民族人口丛书 |
| 510 | 1 | @aMulam nationality@zeng |
| 606 | 0 | @a仫佬族@x民族文化@y中国 |
| 690 | @aK287.5@v5 | |
| 690 | @aK28@v4 | |
| 701 | 0 | @a黄润柏@Ahuang run bo@4编著 |
| 701 | 0 | @a袁丽红@Ayuan li hong@4编著 |
| 801 | 0 | @aCN@b91MARC@c20230218 |
| 905 | @aZUCC@dK28@e29:2 | |
| 仫佬族.2/黄润柏,袁丽红编著.-北京:中国人口出版社,2014(2022重印) |
| 148页:图,照片;23cm.-(中国少数民族人口丛书/翟振武主编) |
| 国家出版基金项目 中国作家协会《民族文学》杂志社支持 |
| ISBN 978-7-5101-1515-8:CNY42.00 |
| 本书共六章,内容包括:百里长廊话仫佬、仫佬风格、庄严与狂欢、美丽山水间的仫佬人、生命的赞歌、生息之源。 |
| ● |
| 相关链接 |
|
|
|
正题名:仫佬族
索取号:K28/29:2
 
预约/预借
| 序号 | 登录号 | 条形码 | 馆藏地/架位号 | 状态 | 备注 |
| 1 | 2000991120 | 2000991120 | 第四书库/四33架B面2层3列/ [索取号:K28/29:2] | 在馆 | |
| 2 | 2000991121 | 2000991121 | 第四书库/四33架B面2层3列/ [索取号:K28/29:2] | 在馆 | |
| 3 | 2000991122 | 2000991122 | 第四书库/四33架B面2层3列/ [索取号:K28/29:2] | 在馆 | |
| 4 | 2000991123 | 2000991123 | 第四书库/四33架B面2层3列/ [索取号:K28/29:2] | 在馆 | |
| 5 | 2000991124 | 2000991124 | 第四书库/四33架B面2层3列/ [索取号:K28/29:2] | 在馆 | |
| 6 | 2000991125 | 2000991125 | 第四书库/四33架B面2层3列/ [索取号:K28/29:2] | 在馆 |